000 00326 a2200133 4500
001 63278
040 _cAnchieta - Pituba
240 1 0 _a2ª Avaliação de Redação, II Unidade
_lpor
245 1 0 _a2ª Avaliação de Redação, II Unidade
362 0 _a2017
440 1 _aColégio Anchieta
650 4 _aLinguagem
942 _cBK
999 _c63278
_d63278